000 00317nam a2200121Ia 4500
008 150731s2009 xx 000 0 und d
082 _a615.53
_bH 09 M
100 _aMUSALGANVKAR,GAJANAN SHASHTRI
245 _aHINDI SAKHNYATATV KOMUDI
260 _bCHAUKHAMBHA PUB. NEW DELHI
_c2009
300 _a397
942 _2ddc
_cBK
999 _c7872
_d7872